000 01402pab a2200181 454500
008 180718b2011 xxu||||| |||| 00| 0 eng d
100 _aLewis, Gregory B.
245 _aThe aging of the state government workforce: Trends and implications
260 _c2011
300 _ap.48-60.
362 _aJan
520 _aThe aging of the baby book generation, combined with the success of the New Public Management in downsizing the federal government, has led to a rapidly aging federal service, a reduced flow of new blood, and a looming "tsunami" of retirements that are forcing the federal service to reconsider many of its human resource practices. Are state government workforces undergoing the same transformation? Using the 1980, 1990, and 2000 Census 5% Public Use Microdata Samples and the 2001-2007 American Community Surveys, the authors find that state governments have older workers than any other sector and that the mean age of their workforce has risen nearly as much as that of the federal civil service. Thus, the retirement tsunami may hit states harder than the federal government. The authors examine the effects of this coming tsunami on turnover, institutional memory, diversity, and educational qualifications. - Reproduced.
650 _aPublic administration
700 _aCho, Yoon Jik
773 _aAmerican Review of Public Administration
908 _aN
909 _a92025
999 _c92025
_d92025